<?xml version="1.0" encoding="UTF-8"?>
<record
    xmlns:xsi="http://www.w3.org/2001/XMLSchema-instance"
    xsi:schemaLocation="http://www.loc.gov/MARC21/slim http://www.loc.gov/standards/marcxml/schema/MARC21slim.xsd"
    xmlns="http://www.loc.gov/MARC21/slim">

  <leader>01282nam a2200205   4500</leader>
  <controlfield tag="003">CO-ViMGA</controlfield>
  <datafield tag="020" ind1=" " ind2=" ">
    <subfield code="a">9786077627074</subfield>
  </datafield>
  <datafield tag="040" ind1=" " ind2=" ">
    <subfield code="a">CO-ViMGA</subfield>
    <subfield code="b">spa</subfield>
    <subfield code="c">CO-ViMGA</subfield>
  </datafield>
  <datafield tag="082" ind1="0" ind2="4">
    <subfield code="a">M863 S16j</subfield>
  </datafield>
  <datafield tag="100" ind1="1" ind2=" ">
    <subfield code="a">S&#xE1;nchez, Carlos Cuauht&#xE9;moc</subfield>
    <subfield code="d">1964-</subfield>
    <subfield code="9">7633</subfield>
  </datafield>
  <datafield tag="245" ind1="1" ind2="0">
    <subfield code="a">Juventud en &#xE9;xtasis</subfield>
    <subfield code="b">la novela de noviazgo y sexualidad m&#xE1;s importante de los &#xFA;ltimos tiempos /</subfield>
    <subfield code="c">Carlos Cuauht&#xE9;moc S&#xE0;nchez</subfield>
  </datafield>
  <datafield tag="260" ind1=" " ind2=" ">
    <subfield code="a">Mexico :</subfield>
    <subfield code="b">Diamante,</subfield>
    <subfield code="c">2013.</subfield>
  </datafield>
  <datafield tag="300" ind1=" " ind2=" ">
    <subfield code="a">192 p.</subfield>
  </datafield>
  <datafield tag="520" ind1=" " ind2=" ">
    <subfield code="a">al lector tiene en sus manos uno de los libros m&#xE1;s &#xFA;tiles de todos los tiempos. Una obra tanto para parejas casadas como solteras que explica claramente c&#xF3;mo fundamentar una relaci&#xF3;n amorosa constructiva y duradera. " Juventud en &#xE9;xtasis" , enfrenta el tema del noviazgo y del sexo prematrimonial en forma directa y actual, proporcionando a los muchachos armas para decir no a las presiones y para tomar las mejores decisiones en sus relaciones &#xED;ntimas. " Juventud en &#xE9;xtasis" , es una visi&#xF3;n moderna del amor y de la sexualidad, que conserva los valores fundamentales. Tomado de: http://bit.ly/2hSpWxM</subfield>
  </datafield>
  <datafield tag="650" ind1="1" ind2="4">
    <subfield code="a">Conducta sexual</subfield>
    <subfield code="x">Novelas juveniles</subfield>
    <subfield code="9">7635</subfield>
  </datafield>
  <datafield tag="650" ind1="1" ind2="4">
    <subfield code="a">Etica sexual</subfield>
    <subfield code="x">Novelas juveniles</subfield>
    <subfield code="9">7636</subfield>
  </datafield>
  <datafield tag="650" ind1="1" ind2="4">
    <subfield code="a">J&#xF3;venes</subfield>
    <subfield code="x">Novelas</subfield>
    <subfield code="9">7637</subfield>
  </datafield>
  <datafield tag="650" ind1="1" ind2="4">
    <subfield code="a">Novelas mexicanas</subfield>
    <subfield code="9">7634</subfield>
  </datafield>
  <datafield tag="942" ind1=" " ind2=" ">
    <subfield code="2">ddc</subfield>
    <subfield code="c">BK</subfield>
  </datafield>
  <datafield tag="999" ind1=" " ind2=" ">
    <subfield code="c">37764</subfield>
    <subfield code="d">37764</subfield>
  </datafield>
  <datafield tag="952" ind1=" " ind2=" ">
    <subfield code="0">0</subfield>
    <subfield code="1">0</subfield>
    <subfield code="2">ddc</subfield>
    <subfield code="4">0</subfield>
    <subfield code="7">0</subfield>
    <subfield code="8">003</subfield>
    <subfield code="a">MEVIECAR</subfield>
    <subfield code="b">MEVIECAR</subfield>
    <subfield code="d">2017-02-24</subfield>
    <subfield code="l">0</subfield>
    <subfield code="o">M 863 S16j</subfield>
    <subfield code="p">031450 - 1</subfield>
    <subfield code="r">2019-05-27 00:00:00</subfield>
    <subfield code="t">Ej. 2</subfield>
    <subfield code="w">2017-06-13</subfield>
    <subfield code="y">BK</subfield>
  </datafield>
  <datafield tag="952" ind1=" " ind2=" ">
    <subfield code="0">1</subfield>
    <subfield code="1">0</subfield>
    <subfield code="2">ddc</subfield>
    <subfield code="4">4</subfield>
    <subfield code="7">0</subfield>
    <subfield code="8">003</subfield>
    <subfield code="a">MEVIECAR</subfield>
    <subfield code="b">MEVIECAR</subfield>
    <subfield code="d">2017-02-24</subfield>
    <subfield code="l">2</subfield>
    <subfield code="o">M 863 S16j</subfield>
    <subfield code="p">031450</subfield>
    <subfield code="r">2017-06-12 00:00:00</subfield>
    <subfield code="s">2017-05-31</subfield>
    <subfield code="t">Ej. 1</subfield>
    <subfield code="w">2017-02-24</subfield>
    <subfield code="y">BK</subfield>
  </datafield>
</record>
